Homo curans : el coraje de cuidar /

Disquisición sobre el cuidado como una actividad que define nuestras prácticas como especie, como sociedades que se transforman y como personas. El cuidado se ha instalado como una de las actividades más importantes de la vida cotidiana, que concierne a la salud propia, la atención de los familiares...

Fuld beskrivelse

Guardado en:
Bibliografiske detaljer
Hovedforfatter: Domingo Moratalla, Agustín (autor)
Format: Bog
Sprog:spansk
Udgivet: Madrid, España : Encuentro, 2022, c2022
Serier:(Nuevo Ensayo ; 104)
Fag:
Tags: Tilføj Tag
Ingen Tags, Vær først til at tagge denne postø!

MARC

LEADER 00000nam^a2200000^a^4500
001 000585879
005 20250521000000.0
009 20260310132738.865
020 |a 978-84-1339-107-6 
037 |a Acervo Xavier Clavigero 
041 |a ESP 
082 |a 177. 7  |b DOM 
100 |a Domingo Moratalla, Agustín  |e (autor) 
245 1 0 |a Homo curans :  |b el coraje de cuidar /  |c A. Domingo Moratalla. 
264 4 |a Madrid, España :  |b Encuentro,  |c 2022, c2022 
300 |a 193 p. 
336 |a texto  |b txt  |2 rdacontenido 
337 |a sin mediación  |b n  |2 rdamedio 
338 |a volumen  |b nc  |2 rdasoporte 
440 1 |a (Nuevo Ensayo ;  |v 104) 
520 |a Disquisición sobre el cuidado como una actividad que define nuestras prácticas como especie, como sociedades que se transforman y como personas. El cuidado se ha instalado como una de las actividades más importantes de la vida cotidiana, que concierne a la salud propia, la atención de los familiares y afectos más próximos, los grupos vulnerables y el medio ambiente circundante. A lo largo de una conversación que cruza por las dos décadas finales del siglo XX y pasa por las primeras dos del XXI, el cuidado emerge como el nombre más urgente de la responsabilidad y por eso, argumenta el autor, ha llegado el tiempo del "homo curans". 
521 |a Peticiones 2024 
649 |a XX 
650 |a Tecnologías de Comunicación e Información -  |x Aspectos Sociales y Culturales 
650 |a Conservación y Protección Ambiental 
650 |a Responsabilidad -  |x Tema Principal 
650 |a Cultura Política 
650 |a Etica Política 
650 |a Etica Social 
650 |a Filosofía Política 
650 |a Filosofía del Siglo XXI 
650 |a Filosofía Española 
910 |a Fondo General 
920 |a Impresos - Libros 
930 |a Colección General 
905 |a 101 
901 |a 0500407678  |b IT1  |c ACC  |i C2452  |u 20250521 
902 |a https://opac.biblio.iteso.mx/vufind/Record/000585879